000 00519nam a2200217Ia 4500
005 20250425162659.0
008 250425s9999 xx 000 0 und d
041 _aspa
043 _ave
082 _a639.543
100 _aAKIYAMA, DEAN M.
245 0 _aMANEJO DE GRANJAS EN CULTIVOS SEMI-INTENSIVOS DE CAMARONES
250 _aS.E
260 _aCARACAS
260 _aVenezuela
_bASA
_c1995
300 _a30
650 _aCULTIVO DE CAMARON
700 _aPOLANCO, BEATRIZ
942 _c01
010 _a96358
999 _c234230
_d234230